| 000 | 00819nam a2200193 i 4500 | ||
|---|---|---|---|
| 001 | 172568 | ||
| 003 | ES-MaACL | ||
| 005 | 20240215160038.0 | ||
| 008 | 090720s19271930sp |||| | spa d | ||
| 080 | _a821.14-83"01" | ||
| 100 | 0 |
_aLuciano de Samosata. _974580 |
|
| 245 | 1 | 0 |
_aDiálogos / _cLuciano. |
| 260 |
_aMadrid ; _aBuenos Aires : _bCompañía Ibero-Americana de Publicaciones : _bLibrería Fernando Fe, _c[entre 1927-1930] ( _fTip. Velasco) |
||
| 300 |
_aXVI, 127 p. ; _c18 cm. |
||
| 490 | 1 |
_aBibliotecas populares Cervantes. Las cien mejores obras de la literatura universal ; _v17 |
|
| 830 | 0 |
_aBibliotecas populares Cervantes. Las cien mejores obras de la literatura universal _v17 _9186509 |
|
| 852 | 4 |
_aES-MaACL _jE-12884 _9R.139460 _z. - Biblioteca Jacinto Martínez Lacalle |
|
| 999 |
_c172568 _d172568 |
||